[Event "Top 12 2021"]
[Site "Chalons en Champagne, France"]
[Date "2021.06.26"]
[Round "3.7"]
[White "Boukhris-Ferre, Yacine AGE"]
[Black "Favarel, Antoine CHA"]
[Result "0-1"]
[WhiteElo "2185"]
[BlackElo "2346"]

1. e4 {[%clk 01:30:57]} {[%emt 00:00:02]} c5 {[%clk 01:30:34]} {[%emt
00:00:26]} 2. Nf3 {[%clk 01:31:17]} {[%emt 00:00:10]} Nc6 {[%clk 01:30:56]}
{[%emt 00:00:08]} 3. Bb5 {[%clk 01:31:43]} {[%emt 00:00:05]} Nf6 {[%clk
01:29:33]} {[%emt 00:01:52]} 4. e5 {[%clk 01:30:10]} {[%emt 00:02:04]} Ng4
{[%clk 01:29:24]} {[%emt 00:00:39]} 5. Bxc6 {[%clk 01:30:25]} {[%emt 00:00:15]}
dxc6 {[%clk 01:29:45]} {[%emt 00:00:08]} 6. h3 {[%clk 01:30:46]} {[%emt
00:00:09]} Nh6 {[%clk 01:30:02]} {[%emt 00:00:13]} 7. d3 {[%clk 01:30:09]}
{[%emt 00:01:06]} Nf5 {[%clk 01:27:24]} {[%emt 00:03:08]} 8. O-O {[%clk
01:29:19]} {[%emt 00:01:21]} g6 {[%clk 01:25:38]} {[%emt 00:02:16]} 9. Nbd2
{[%clk 01:21:32]} {[%emt 00:08:17]} Bg7 {[%clk 01:20:07]} {[%emt 00:06:01]} 10.
b3 {[%clk 01:17:08]} {[%emt 00:04:55]} Nd4 {[%clk 01:08:15]} {[%emt 00:12:21]}
11. Re1 {[%clk 01:14:38]} {[%emt 00:02:59]} b6 {[%clk 00:57:18]} {[%emt
00:11:27]} 12. Bb2 {[%clk 01:12:22]} {[%emt 00:02:46]} O-O {[%clk 00:51:03]}
{[%emt 00:06:45]} 13. a3 {[%clk 01:03:22]} {[%emt 00:09:30]} a5 {[%clk
00:37:37]} {[%emt 00:13:55]} 14. Re4 {[%clk 00:24:42]} {[%emt 00:39:11]} Nxf3+
{[%clk 00:24:09]} {[%emt 00:13:59]} 15. Nxf3 {[%clk 00:24:30]} {[%emt
00:00:42]} Bf5 {[%clk 00:17:44]} {[%emt 00:06:54]} 16. Rh4 {[%clk 00:14:58]}
{[%emt 00:10:02]} h6 {[%clk 00:15:40]} {[%emt 00:02:34]} 17. g4 {[%clk
00:12:01]} {[%emt 00:03:27]} Be6 {[%clk 00:13:56]} {[%emt 00:02:14]} 18. Qe2
{[%clk 00:06:59]} {[%emt 00:05:33]} Bd5 {[%clk 00:08:42]} {[%emt 00:05:44]} 19.
Re1 {[%clk 00:06:37]} {[%emt 00:00:52]} f5 {[%clk 00:03:23]} {[%emt 00:05:49]}
20. exf6 {[%clk 00:03:51]} {[%emt 00:03:16]} exf6 {[%clk 00:03:47]} {[%emt
00:00:06]} 21. c4 {[%clk 00:01:18]} {[%emt 00:03:03]} Bf7 {[%clk 00:03:37]}
{[%emt 00:00:39]} 22. g5 {[%clk 00:01:07]} {[%emt 00:00:42]} hxg5 {[%clk
00:02:41]} {[%emt 00:01:26]} 23. Nxg5 {[%clk 00:00:36]} {[%emt 00:01:01]} fxg5
{[%clk 00:01:25]} {[%emt 00:01:47]} 24. Bxg7 {[%clk 00:00:50]} {[%emt
00:00:16]} gxh4 {[%clk 00:01:10]} {[%emt 00:00:44]} 25. Be5 {[%clk 00:00:34]}
{[%emt 00:00:46]} Qg5+ {[%clk 00:01:01]} {[%emt 00:00:39]} 26. Qd1 {[%emt
00:00:21]} 0-1

[Event "Top 12 2021"]
[Site "Chalons en Champagne, France"]
[Date "2021.06.26"]
[Round "3.8"]
[White "Alexieva, Silvia CHA"]
[Black "Bourgoin, Cecile AGE"]
[Result "1/2-1/2"]
[WhiteElo "2271"]
[BlackElo "1688"]

1. d4 {[%clk 01:30:54]} {[%emt 00:00:05]} e6 {[%clk 01:30:54]} {[%emt
00:00:06]} 2. Nf3 {[%clk 01:31:09]} {[%emt 00:00:16]} Nf6 {[%clk 01:31:02]}
{[%emt 00:00:22]} 3. g3 {[%clk 01:31:21]} {[%emt 00:00:19]} d5 {[%clk
01:30:28]} {[%emt 00:01:03]} 4. Bg2 {[%clk 01:31:37]} {[%emt 00:00:13]} Be7
{[%clk 01:29:05]} {[%emt 00:01:54]} 5. O-O {[%clk 01:31:56]} {[%emt 00:00:12]}
O-O {[%clk 01:28:07]} {[%emt 00:01:27]} 6. c4 {[%clk 01:32:10]} {[%emt
00:00:16]} b6 {[%clk 01:22:05]} {[%emt 00:06:32]} 7. cxd5 {[%clk 01:29:30]}
{[%emt 00:03:10]} exd5 {[%clk 01:21:47]} {[%emt 00:00:48]} 8. Nc3 {[%clk
01:29:34]} {[%emt 00:00:26]} c6 {[%clk 01:17:55]} {[%emt 00:04:22]} 9. Ne5
{[%clk 01:27:24]} {[%emt 00:02:40]} Bb7 {[%clk 01:10:29]} {[%emt 00:07:56]} 10.
Qa4 {[%clk 01:23:55]} {[%emt 00:03:58]} Qd6 {[%clk 00:58:18]} {[%emt 00:12:41]}
11. Rd1 {[%clk 01:19:05]} {[%emt 00:05:20]} Nbd7 {[%clk 00:56:32]} {[%emt
00:02:16]} 12. Bf4 {[%clk 01:18:46]} {[%emt 00:00:50]} Qe6 {[%clk 00:54:41]}
{[%emt 00:02:20]} 13. Rac1 {[%clk 01:14:32]} {[%emt 00:04:44]} Bd6 {[%clk
00:52:52]} {[%emt 00:02:19]} 14. Nxd7 {[%clk 01:08:19]} {[%emt 00:06:44]} Qxd7
{[%clk 00:48:46]} {[%emt 00:04:36]} 15. Bg5 {[%clk 01:02:13]} {[%emt 00:06:35]}
Qf5 {[%clk 00:47:42]} {[%emt 00:01:34]} 16. Bxf6 {[%clk 01:02:12]} {[%emt
00:00:32]} Qxf6 {[%clk 00:47:30]} {[%emt 00:00:41]} 17. e4 {[%clk 01:02:30]}
{[%emt 00:00:12]} b5 {[%clk 00:44:30]} {[%emt 00:03:31]} 18. Qc2 {[%clk
00:54:58]} {[%emt 00:08:02]} dxe4 {[%clk 00:44:25]} {[%emt 00:00:36]} 19. Nxe4
{[%clk 00:54:20]} {[%emt 00:01:07]} Qg6 {[%clk 00:42:31]} {[%emt 00:02:24]} 20.
Nxd6 {[%clk 00:51:09]} {[%emt 00:03:42]} Qxd6 {[%clk 00:42:52]} {[%emt
00:00:09]} 21. Bxc6 {[%clk 00:49:36]} {[%emt 00:02:03]} Rac8 {[%clk 00:41:27]}
{[%emt 00:01:55]} 22. d5 {[%clk 00:49:42]} {[%emt 00:00:24]} Rc7 {[%clk
00:37:40]} {[%emt 00:04:17]} 23. Qb3 {[%clk 00:45:58]} {[%emt 00:04:14]} Rd8
{[%clk 00:27:09]} {[%emt 00:11:01]} 24. Bxb7 {[%clk 00:38:24]} {[%emt
00:08:04]} Rxb7 {[%clk 00:27:19]} {[%emt 00:00:20]} 25. Rc6 {[%clk 00:36:21]}
{[%emt 00:02:34]} Qe7 {[%clk 00:26:46]} {[%emt 00:01:03]} 26. d6 {[%clk
00:34:44]} {[%emt 00:02:06]} Qe2 {[%clk 00:24:06]} {[%emt 00:03:10]} 27. Rd4
{[%clk 00:32:03]} {[%emt 00:03:11]} Qe5 {[%clk 00:20:34]} {[%emt 00:04:02]} 28.
Qd3 {[%clk 00:28:43]} {[%emt 00:03:50]} Rbd7 {[%clk 00:19:21]} {[%emt
00:01:44]} 29. Kg2 {[%clk 00:28:32]} {[%emt 00:00:42]} g6 {[%clk 00:19:16]}
{[%emt 00:00:35]} 30. b4 {[%clk 00:27:21]} {[%emt 00:01:40]} Rb8 {[%clk
00:17:40]} {[%emt 00:02:06]} 31. Rd5 {[%clk 00:23:51]} {[%emt 00:04:00]} Qe6
{[%clk 00:16:27]} {[%emt 00:01:44]} 32. Qd4 {[%clk 00:24:04]} {[%emt 00:00:16]}
Rbd8 {[%clk 00:15:15]} {[%emt 00:01:42]} 33. a3 {[%clk 00:24:25]} {[%emt
00:00:10]} f6 {[%clk 00:14:07]} {[%emt 00:01:38]} 34. Qd3 {[%clk 00:21:36]}
{[%emt 00:03:18]} Kf8 {[%clk 00:13:05]} {[%emt 00:01:32]} 35. h4 {[%clk
00:20:58]} {[%emt 00:01:09]} Kf7 {[%clk 00:12:34]} {[%emt 00:01:01]} 36. h5
{[%clk 00:20:06]} {[%emt 00:01:22]} Kg7 {[%clk 00:11:22]} {[%emt 00:01:41]} 37.
Qd4 {[%clk 00:18:32]} {[%emt 00:02:04]} gxh5 {[%clk 00:10:37]} {[%emt
00:01:16]} 38. Rxh5 {[%clk 00:07:01]} {[%emt 00:12:01]} Rxd6 {[%clk 00:10:41]}
{[%emt 00:00:25]} 39. Rxd6 {[%clk 00:05:32]} {[%emt 00:01:58]} Rxd6 {[%clk
00:10:21]} {[%emt 00:00:50]} 40. Qh4 {[%clk 00:35:17]} {[%emt 00:00:45]} Qg8
{[%clk 00:39:41]} {[%emt 00:01:11]} 41. Rxb5 {[%clk 00:35:04]} {[%emt
00:00:43]} Qa8+ {[%clk 00:38:53]} {[%emt 00:01:18]} 42. Kh2 {[%clk 00:33:35]}
{[%emt 00:01:59]} Qf3 {[%clk 00:33:35]} {[%emt 00:05:48]} 43. Qf4 {[%clk
00:33:11]} {[%emt 00:00:54]} Qxf4 {[%clk 00:33:08]} {[%emt 00:00:57]} 44. gxf4
{[%clk 00:33:39]} {[%emt 00:00:02]} Ra6 {[%clk 00:33:26]} {[%emt 00:00:13]} 45.
Kg3 {[%clk 00:34:04]} {[%emt 00:00:06]} Rxa3+ {[%clk 00:33:39]} {[%emt
00:00:16]} 46. Kg4 {[%clk 00:34:29]} {[%emt 00:00:05]} Kg6 {[%clk 00:30:49]}
{[%emt 00:03:19]} 47. f5+ {[%clk 00:34:51]} {[%emt 00:00:09]} Kh6 {[%clk
00:29:53]} {[%emt 00:01:26]} 48. Rb7 {[%clk 00:35:04]} {[%emt 00:00:17]} Ra4
{[%clk 00:29:26]} {[%emt 00:00:56]} 49. f4 {[%clk 00:35:15]} {[%emt 00:00:19]}
Ra1 {[%clk 00:27:25]} {[%emt 00:02:31]} 50. Rf7 {[%clk 00:34:08]} {[%emt
00:01:37]} Rg1+ {[%clk 00:26:47]} {[%emt 00:01:08]} 51. Kf3 {[%clk 00:34:09]}
{[%emt 00:00:29]} Rf1+ {[%clk 00:26:39]} {[%emt 00:00:39]} 52. Ke4 {[%clk
00:29:51]} {[%emt 00:04:48]} Rb1 {[%clk 00:25:45]} {[%emt 00:01:24]} 53. Rxf6+
{[%clk 00:28:21]} {[%emt 00:02:00]} Kg7 {[%clk 00:26:06]} {[%emt 00:00:08]} 54.
Ra6 {[%clk 00:28:47]} {[%emt 00:00:04]} Rxb4+ {[%clk 00:26:26]} {[%emt
00:00:10]} 55. Ke5 {[%clk 00:29:12]} {[%emt 00:00:04]} Rb7 {[%clk 00:26:29]}
{[%emt 00:00:27]} 56. f6+ {[%clk 00:24:50]} {[%emt 00:04:53]} Kf7 {[%clk
00:26:43]} {[%emt 00:00:16]} 57. Ra5 {[%clk 00:25:10]} {[%emt 00:00:11]} h5
{[%clk 00:26:09]} {[%emt 00:01:03]} 58. Kf5 {[%clk 00:24:50]} {[%emt 00:00:51]}
h4 {[%clk 00:26:10]} {[%emt 00:00:29]} 59. Ra3 {[%clk 00:23:32]} {[%emt
00:01:47]} Rb5+ {[%clk 00:26:01]} {[%emt 00:00:39]} 60. Kg4 {[%clk 00:23:53]}
{[%emt 00:00:10]} a5 {[%clk 00:26:12]} {[%emt 00:00:18]} 61. Kxh4 {[%clk
00:23:04]} {[%emt 00:01:19]} Kxf6 {[%clk 00:26:32]} {[%emt 00:00:10]} 62. Kg4
{[%clk 00:23:30]} {[%emt 00:00:04]} Rc5 {[%clk 00:26:17]} {[%emt 00:00:44]} 63.
Rh3 {[%clk 00:23:14]} {[%emt 00:00:46]} Kg7 {[%clk 00:25:24]} {[%emt 00:01:22]}
64. Ra3 {[%clk 00:21:52]} {[%emt 00:01:53]} Kf6 {[%clk 00:25:22]} {[%emt
00:00:32]} 65. Ra1 {[%clk 00:21:27]} {[%emt 00:00:55]} Rd5 {[%clk 00:25:20]}
{[%emt 00:00:32]} 66. Rh1 {[%clk 00:20:00]} {[%emt 00:01:58]} Kg7 {[%clk
00:25:34]} {[%emt 00:00:16]} 67. f5 {[%clk 00:18:34]} {[%emt 00:01:56]} a4
{[%clk 00:25:39]} {[%emt 00:00:24]} 68. Kg5 {[%clk 00:19:01]} {[%emt 00:00:03]}
a3 {[%clk 00:25:47]} {[%emt 00:00:22]} 69. Rc1 {[%clk 00:17:36]} {[%emt
00:01:56]} Ra5 {[%clk 00:25:51]} {[%emt 00:00:26]} 70. Rc7+ {[%clk 00:15:58]}
{[%emt 00:02:08]} Kf8 {[%clk 00:26:11]} {[%emt 00:00:10]} 71. Rc1 {[%clk
00:14:55]} {[%emt 00:01:33]} 1/2-1/2

[Event "Top 12 2021"]
[Site "Chalons en Champagne, France"]
[Date "2021.06.26"]
[Round "3.9"]
[White "Mamedov, Rauf CCH"]
[Black "Alekseenko, Kirill ASN"]
[Result "0-1"]
[WhiteElo "2654"]
[BlackElo "2699"]

1. e4 {[%clk 01:30:53]} {[%emt 00:00:06]} e5 {[%clk 01:30:40]} {[%emt
00:00:21]} 2. Nc3 {[%clk 01:31:18]} {[%emt 00:00:05]} Nf6 {[%clk 01:30:43]}
{[%emt 00:00:26]} 3. Nf3 {[%clk 01:30:47]} {[%emt 00:01:02]} Nc6 {[%clk
01:30:57]} {[%emt 00:00:16]} 4. Bb5 {[%clk 01:31:12]} {[%emt 00:00:05]} Nd4
{[%clk 01:29:17]} {[%emt 00:02:10]} 5. O-O {[%clk 01:31:04]} {[%emt 00:00:39]}
c6 {[%clk 01:26:25]} {[%emt 00:03:22]} 6. Bd3 {[%clk 01:31:06]} {[%emt
00:00:27]} Nxf3+ {[%clk 01:26:25]} {[%emt 00:00:30]} 7. Qxf3 {[%clk 01:31:32]}
{[%emt 00:00:05]} d6 {[%clk 01:26:16]} {[%emt 00:00:39]} 8. Be2 {[%clk
01:31:57]} {[%emt 00:00:05]} g6 {[%clk 01:26:35]} {[%emt 00:00:11]} 9. Qg3
{[%clk 01:20:19]} {[%emt 00:12:07]} h5 {[%clk 01:09:10]} {[%emt 00:17:54]} 10.
f4 {[%clk 01:13:29]} {[%emt 00:07:20]} Qb6+ {[%clk 01:08:52]} {[%emt 00:00:49]}
11. Kh1 {[%clk 00:59:15]} {[%emt 00:14:43]} h4 {[%clk 01:08:31]} {[%emt
00:00:51]} 12. Qe1 {[%clk 00:47:19]} {[%emt 00:12:26]} Nh5 {[%clk 01:05:51]}
{[%emt 00:03:10]} 13. Bxh5 {[%clk 00:43:53]} {[%emt 00:03:56]} Rxh5 {[%clk
01:06:11]} {[%emt 00:00:09]} 14. d3 {[%clk 00:35:41]} {[%emt 00:08:42]} exf4
{[%clk 00:52:06]} {[%emt 00:14:37]} 15. Rxf4 {[%clk 00:34:16]} {[%emt
00:01:55]} h3 {[%clk 00:51:41]} {[%emt 00:00:55]} 16. g4 {[%clk 00:31:46]}
{[%emt 00:03:00]} Rh7 {[%clk 00:50:46]} {[%emt 00:01:24]} 17. Rb1 {[%clk
00:17:47]} {[%emt 00:14:30]} Be7 {[%clk 00:30:39]} {[%emt 00:20:37]} 18. Be3
{[%clk 00:17:42]} {[%emt 00:00:36]} Qd8 {[%clk 00:30:58]} {[%emt 00:00:10]} 19.
Qg3 {[%clk 00:10:54]} {[%emt 00:07:18]} Bg5 {[%clk 00:28:51]} {[%emt 00:02:37]}
20. Rff1 {[%clk 00:08:42]} {[%emt 00:02:41]} Bxe3 {[%clk 00:25:39]} {[%emt
00:03:43]} 21. Qxe3 {[%clk 00:09:08]} {[%emt 00:00:04]} Bxg4 {[%clk 00:25:51]}
{[%emt 00:00:17]} 22. Rf4 {[%clk 00:08:57]} {[%emt 00:00:42]} Be6 {[%clk
00:25:37]} {[%emt 00:00:45]} 23. d4 {[%clk 00:08:18]} {[%emt 00:01:08]} Qe7
{[%clk 00:21:31]} {[%emt 00:04:35]} 24. Rbf1 {[%clk 00:08:05]} {[%emt
00:00:44]} Rh5 {[%clk 00:15:16]} {[%emt 00:06:46]} 25. R4f3 {[%clk 00:04:35]}
{[%emt 00:03:59]} Qg5 {[%clk 00:11:40]} {[%emt 00:04:06]} 26. Qf2 {[%clk
00:05:01]} {[%emt 00:00:04]} O-O-O {[%clk 00:09:44]} {[%emt 00:02:26]} 27. b4
{[%clk 00:01:25]} {[%emt 00:04:06]} d5 {[%clk 00:07:38]} {[%emt 00:02:36]} 28.
Rg3 {[%clk 00:01:46]} {[%emt 00:00:09]} Qe7 {[%clk 00:07:34]} {[%emt 00:00:35]}
29. exd5 {[%clk 00:01:26]} {[%emt 00:00:50]} Rf5 {[%clk 00:07:07]} {[%emt
00:00:56]} 30. Qe1 {[%clk 00:01:49]} {[%emt 00:00:06]} Rxf1+ {[%clk 00:02:54]}
{[%emt 00:04:44]} 31. Qxf1 {[%clk 00:02:18]} {[%emt 00:00:02]} Bf5 {[%clk
00:02:49]} {[%emt 00:00:33]} 32. dxc6 {[%clk 00:02:06]} {[%emt 00:00:43]} Rxd4
{[%clk 00:03:12]} {[%emt 00:00:06]} 33. a3 {[%clk 00:00:36]} {[%emt 00:02:01]}
Rd2 {[%clk 00:02:23]} {[%emt 00:01:18]} 34. Rxh3 {[%clk 00:00:41]} {[%emt
00:00:26]} Bxh3 {[%clk 00:01:40]} {[%emt 00:01:13]} 35. Qxh3+ {[%clk 00:01:08]}
{[%emt 00:00:02]} f5 {[%clk 00:02:04]} {[%emt 00:00:06]} 0-1

[Event "Top 12 2021"]
[Site "Chalons en Champagne, France"]
[Date "2021.06.26"]
[Round "3.10"]
[White "Oparin, Grigoriy ASN"]
[Black "Lagarde, Maxime CCH"]
[Result "1/2-1/2"]
[WhiteElo "2654"]
[BlackElo "2648"]

1. Nf3 {[%clk 01:30:57]} {[%emt 00:00:03]} Nc6 {[%clk 01:30:57]} {[%emt
00:00:03]} 2. d4 {[%clk 01:30:20]} {[%emt 00:01:06]} d5 {[%clk 01:31:18]}
{[%emt 00:00:10]} 3. g3 {[%clk 01:30:09]} {[%emt 00:00:41]} Bf5 {[%clk
01:31:39]} {[%emt 00:00:08]} 4. Bg2 {[%clk 01:30:34]} {[%emt 00:00:06]} e6
{[%clk 01:32:06]} {[%emt 00:00:03]} 5. O-O {[%clk 01:30:51]} {[%emt 00:00:13]}
Nb4 {[%clk 01:32:33]} {[%emt 00:00:02]} 6. Ne1 {[%clk 01:30:33]} {[%emt
00:00:48]} Nf6 {[%clk 01:32:42]} {[%emt 00:00:21]} 7. c3 {[%clk 01:29:09]}
{[%emt 00:01:54]} Nc6 {[%clk 01:33:08]} {[%emt 00:00:04]} 8. Bg5 {[%clk
01:27:21]} {[%emt 00:02:19]} Be7 {[%clk 01:26:31]} {[%emt 00:07:07]} 9. Nd2
{[%clk 01:27:19]} {[%emt 00:00:32]} O-O {[%clk 01:26:32]} {[%emt 00:00:29]} 10.
Bxf6 {[%clk 01:21:20]} {[%emt 00:06:30]} Bxf6 {[%clk 01:26:56]} {[%emt
00:00:06]} 11. e4 {[%clk 01:21:45]} {[%emt 00:00:05]} dxe4 {[%clk 01:27:03]}
{[%emt 00:00:23]} 12. Nxe4 {[%clk 01:22:09]} {[%emt 00:00:05]} Bxe4 {[%clk
01:26:32]} {[%emt 00:01:01]} 13. Bxe4 {[%clk 01:22:32]} {[%emt 00:00:07]} e5
{[%clk 01:26:46]} {[%emt 00:00:16]} 14. Bxc6 {[%clk 01:17:47]} {[%emt
00:05:15]} bxc6 {[%clk 01:27:12]} {[%emt 00:00:05]} 15. dxe5 {[%clk 01:18:13]}
{[%emt 00:00:04]} Bxe5 {[%clk 01:27:17]} {[%emt 00:00:25]} 16. Nd3 {[%clk
01:16:56]} {[%emt 00:01:47]} Bf6 {[%clk 01:24:27]} {[%emt 00:03:19]} 17. Qf3
{[%clk 01:10:30]} {[%emt 00:06:56]} a5 {[%clk 01:20:49]} {[%emt 00:04:08]} 18.
Rfd1 {[%clk 01:06:22]} {[%emt 00:04:37]} Qd5 {[%clk 01:19:45]} {[%emt
00:01:34]} 19. Kg2 {[%clk 01:06:24]} {[%emt 00:00:30]} Rab8 {[%clk 01:14:26]}
{[%emt 00:05:48]} 20. Rac1 {[%clk 00:49:04]} {[%emt 00:17:51]} Rfe8 {[%clk
01:10:29]} {[%emt 00:04:27]} 21. Rc2 {[%clk 00:32:57]} {[%emt 00:16:36]} Qxa2
{[%clk 01:08:43]} {[%emt 00:02:16]} 22. Qxc6 {[%clk 00:33:09]} {[%emt
00:00:19]} Qb3 {[%clk 01:06:36]} {[%emt 00:02:36]} 23. Rcd2 {[%clk 00:30:54]}
{[%emt 00:02:45]} Bg5 {[%clk 01:03:35]} {[%emt 00:03:31]} 24. f4 {[%clk
00:31:02]} {[%emt 00:00:22]} Bf6 {[%clk 01:03:40]} {[%emt 00:00:25]} 25. Nf2
{[%clk 00:28:31]} {[%emt 00:03:02]} Qb7 {[%clk 01:01:27]} {[%emt 00:02:41]} 26.
Qxb7 {[%clk 00:28:38]} {[%emt 00:00:23]} Rxb7 {[%clk 01:01:54]} {[%emt
00:00:03]} 27. Kf3 {[%clk 00:25:11]} {[%emt 00:03:57]} Kf8 {[%clk 01:00:33]}
{[%emt 00:01:51]} 28. Ng4 {[%clk 00:20:16]} {[%emt 00:05:25]} Reb8 {[%clk
00:55:05]} {[%emt 00:05:58]} 29. Ra1 {[%clk 00:20:00]} {[%emt 00:00:46]} Rxb2
{[%clk 00:54:51]} {[%emt 00:00:43]} 30. Rxb2 {[%clk 00:20:24]} {[%emt
00:00:06]} Rxb2 {[%clk 00:55:19]} {[%emt 00:00:02]} 31. Nxf6 {[%clk 00:20:48]}
{[%emt 00:00:05]} gxf6 {[%clk 00:55:47]} {[%emt 00:00:02]} 32. Rxa5 {[%clk
00:21:13]} {[%emt 00:00:05]} Ke7 {[%clk 00:53:35]} {[%emt 00:02:42]} 33. Ra6
{[%clk 00:15:58]} {[%emt 00:05:45]} Rxh2 {[%clk 00:53:29]} {[%emt 00:00:37]} 34.
Rc6 {[%clk 00:16:24]} {[%emt 00:00:04]} Kd7 {[%clk 00:53:55]} {[%emt 00:00:05]}
35. Rxf6 {[%clk 00:16:49]} {[%emt 00:00:04]} Ke7 {[%clk 00:54:20]} {[%emt
00:00:04]} 36. Rc6 {[%clk 00:16:34]} {[%emt 00:00:45]} Ke8 {[%emt 00:00:24]}
1/2-1/2

[Event "Top 12 2021"]
[Site "Chalons en Champagne, France"]
[Date "2021.06.26"]
[Round "3.11"]
[White "Bauer, Christian CCH"]
[Black "Movsesian, Sergei ASN"]
[Result "1/2-1/2"]
[WhiteElo "2639"]
[BlackElo "2647"]

1. d4 {[%clk 01:21:06]} Nf6 {[%clk 01:10:28]} 2. c4 {[%clk 01:21:06]} c6 {[%clk
01:10:28]} 3. Bf4 {[%clk 01:21:06]} Qb6 {[%clk 01:10:28]} 4. Qd2 {[%clk
01:21:06]} Ne4 {[%clk 01:10:28]} 5. Qc2 {[%clk 01:21:06]} d5 {[%clk 01:10:28]}
6. f3 {[%clk 01:21:06]} Nf6 {[%clk 01:10:28]} 7. c5 {[%clk 01:21:06]} Qd8
{[%clk 01:10:28]} 8. Nc3 {[%clk 01:21:06]} g6 {[%clk 01:10:28]} 9. Rd1 {[%clk
01:21:06]} Bg7 {[%clk 01:10:28]} 10. e4 {[%clk 01:21:06]} O-O {[%clk 01:10:28]}
11. e5 {[%clk 01:21:06]} Ne8 {[%clk 01:10:28]} 12. Be3 {[%clk 01:21:06]} b6
{[%clk 01:10:28]} 13. cxb6 {[%clk 01:21:06]} axb6 {[%clk 01:10:28]} 14. f4
{[%clk 01:21:06]} f6 {[%clk 01:10:28]} 15. Nf3 {[%clk 01:21:06]} Bf5 {[%clk
01:10:28]} 16. Bd3 {[%clk 01:21:06]} e6 {[%clk 01:10:28]} 17. h3 {[%clk
01:21:06]} fxe5 {[%clk 01:10:28]} 18. fxe5 {[%clk 01:21:06]} Ra7 {[%clk
01:10:28]} 19. O-O {[%clk 01:21:06]} Raf7 {[%clk 01:10:28]} 20. Bxf5 {[%clk
01:21:06]} Rxf5 {[%clk 01:10:28]} 21. Ne2 {[%clk 01:21:06]} Nc7 {[%clk
01:10:28]} 22. Ng3 {[%clk 01:21:06]} R5f7 {[%clk 01:10:28]} 23. Qc1 {[%clk
01:21:06]} Nca6 {[%clk 01:10:28]} 24. h4 {[%clk 01:21:06]} c5 {[%clk 01:10:28]}
25. h5 {[%clk 01:21:06]} Nc6 {[%clk 01:10:28]} 1/2-1/2

[Event "Top 12 2021"]
[Site "Chalons en Champagne, France"]
[Date "2021.06.26"]
[Round "3.12"]
[White "Gozzoli, Yannick ASN"]
[Black "Guliyev, Namig CCH"]
[Result "1/2-1/2"]
[WhiteElo "2600"]
[BlackElo "2551"]

1. d4 {[%clk 01:30:55]} {[%emt 00:00:04]} d5 {[%clk 01:30:47]} {[%emt
00:00:13]} 2. c4 {[%clk 01:31:18]} {[%emt 00:00:07]} dxc4 {[%clk 01:30:44]}
{[%emt 00:00:33]} 3. e4 {[%clk 01:31:42]} {[%emt 00:00:06]} Nf6 {[%clk
01:31:06]} {[%emt 00:00:09]} 4. e5 {[%clk 01:32:06]} {[%emt 00:00:05]} Nd5
{[%clk 01:31:33]} {[%emt 00:00:03]} 5. Bxc4 {[%clk 01:32:30]} {[%emt 00:00:06]}
Bf5 {[%clk 01:27:14]} {[%emt 00:04:49]} 6. Ne2 {[%clk 01:26:59]} {[%emt
00:06:01]} e6 {[%clk 01:24:37]} {[%emt 00:03:07]} 7. O-O {[%clk 01:20:03]}
{[%emt 00:07:25]} Nb6 {[%clk 01:08:39]} {[%emt 00:16:29]} 8. Bb3 {[%clk
01:06:54]} {[%emt 00:13:39]} c5 {[%clk 01:07:44]} {[%emt 00:01:25]} 9. Be3
{[%clk 01:00:33]} {[%emt 00:06:51]} Nc6 {[%clk 01:07:19]} {[%emt 00:00:55]} 10.
dxc5 {[%clk 00:46:53]} {[%emt 00:14:10]} Qxd1 {[%clk 01:03:57]} {[%emt
00:03:52]} 11. Rxd1 {[%clk 00:46:11]} {[%emt 00:01:12]} Nd7 {[%clk 01:04:22]}
{[%emt 00:00:05]} 12. Ba4 {[%clk 00:39:50]} {[%emt 00:06:50]} O-O-O {[%clk
00:52:52]} {[%emt 00:12:00]} 13. Nbc3 {[%clk 00:29:30]} {[%emt 00:10:49]} Ndxe5
{[%clk 00:51:42]} {[%emt 00:01:42]} 14. Rxd8+ {[%clk 00:29:37]} {[%emt
00:00:23]} Kxd8 {[%clk 00:51:12]} {[%emt 00:01:00]} 15. Rd1+ {[%clk 00:26:02]}
{[%emt 00:04:05]} Kc8 {[%clk 00:51:00]} {[%emt 00:00:42]} 16. Nd4 {[%clk
00:26:05]} {[%emt 00:00:27]} Nxd4 {[%clk 00:49:50]} {[%emt 00:01:40]} 17. Bxd4
{[%clk 00:26:27]} {[%emt 00:00:08]} Nc6 {[%clk 00:49:17]} {[%emt 00:01:03]} 18.
Bxc6 {[%clk 00:22:26]} {[%emt 00:04:31]} 1/2-1/2